000 03800nam a22003377a 4500
003 OSt
005 20240816132813.0
007 cr ||||||a|c|a
008 240816s2023 mx a|||fom||| 00| 0 spa d
040 _erda
100 1 _aMiranda Meraz, María Guadalupe
_9189440
245 1 0 _aComportamiento sexual y calidad seminal de conejos nueva zelanda blanco suplementados con te verde (Camellia sinensis) /
_cpor María Guadalupe Miranda Meraz; presidente Raymundo Rodríguez Lara; secretario Marianell Fallas López; vocal Luis Miguel Hernández Velázquez; suplente Otilio Aguilar Romero; suplente Constantino Romero Márquez
264 1 _aChapingo, México :
_bEl autor,
_c2023.
300 _a1 recurso en línea (41 páginas):
_bIlustraciones, cuadros
336 _2rdacontent
_atexto
_btxt
337 _2rdamedia
_acomputadora
_bc
338 _2rdacarrier
_arecurso en línea
_bcr
502 _bIAEZ
_cZootecnía
_d2023
_gLIC
504 _aIncluye referencias bibliográficas: páginas 31-39
520 _aEl objetivo del presente estudio fue evaluar el efecto de la suplementación con extractos de hojas de la planta Camellia sinensis verde en la calidad seminal en conejos. Se utilizaron 24 conejos Nueva Zelanda Blanco, que fueron asignados completamente al azar a uno de dos tratamientos experimentales: T1) Sin suplemento; T2) Con suplementación con 75 mg por kg de peso vivo de extractos de té verde administrados en el agua bebida. Se proporcionaron los extractos cinco días continuos, de lunes a viernes, hasta completar seis sesiones. Los conejos fueron manejados bajo un ritmo de reproducción extensivo en donde se colectaban un primero y segundo eyaculado una vez a la semana. El diseño experimental fue completamente al azar con dos tratamientos y 12 repeticiones por tratamiento siendo el conejo la unidad experimental. Se analizaron estadísticamente un total de 256 muestras. La suplementación con extractos de té verde dio lugar a un porcentaje superior en 61.5% en cuanto a la presencia de gel; una mejora del 4.0% en la producción de espermatozoides/ml (sin verse influenciada por tratamiento[p>0.05]); se incrementó (p=0.03) la concentración espermática por eyaculado en 8.3 millones (+4.7%). No se encontraron efectos de tratamiento (p>0.05) en la motilidad total, motilidad progresiva y en el porcentaje de espermatozoides vivos. Las velocidades rectilíneas (VSL) de los espermatozoides en conejos suplementados tendieron (p=0.133) a ser mayores en un 4.9%. El índice de linearidad mostro ser superior (p=0.05) en los conejos suplementados con extractos de té verde (+4.7%), así mismo se observó una tendencia (p=0.116) a presentar un mayor porcentaje de espermatozoides vivos normales (+1.2%), un valor mayor en cuanto al promedio de espermatozoides vivos normales progresivos motiles por eyaculado (+13.3 X106) y un incremento en el número de dosis potenciales para uso en inseminación artificial (+15.7%). La suplementación con polifenoles de té verde mejora la concentración espermática por eyaculado, la motilidad progresiva, los parámetros de cinética progresiva de movimiento espermático y la capacidad reproductiva en conejos
650 4 _aConejos
_xReproducción
_926378
650 4 _aConejos
_xSemen
_926379
650 4 _aCamellia sinensis
_xEfecto en conejos
_9189307
700 1 _aRodríguez de Lara, Raymundo
_998436
_epresidente
700 1 _aFallas López, Marianella.
_939399
_esecretario
700 1 _aHernández Velázquez Luis Miguel
_9129220
_evocal
700 1 _aAguilar Romero, Otilio
_9189441
_esuplente
700 0 _aRomero Márquez, Constantino
_999621
_esuplente
856 _uhttp://10.13.5.2/tesis/tl/1511678-2_MIRANDA_MERAZ_MARIAGUADALUPE.pdf
_zDESCARGAR PDF
942 _2Clasificación Universidad Autónoma Chapingo
_cTD
999 _c220087
_d220087